00530nam a2200169Ia 4500003000900000008004100009040001600050080001500066100002500081245011200106260003500218300001600253650003100269650002100300650001900321650002000340IN-BaIIA211028s9999 xx 000 0 eng d cIIA Library a539.1bWER aWertheim, Gunther K. 0aMossbauer effectbprinciples and applicationscGunther K. Wertheim  aNew YorkbAcademic Pressc1964 aviii, 116p. aElectromagnetic absorption aMossbauer effect aNASA Thesaurus aNuclear physics